000 00293nam a22001337a 4500
008 170407b xxu||||| |||| 00| 0 eng d
020 _a9781582554556
041 _aeng
080 _a616
100 _a9
101 _aSHM
245 _aPORTABLE PATHOPHYSIOLOGY
_cBEAN, CH.A
942 _2udc
_cBK
999 _c10137
_d10137